000 00366nam a22001457a 4500
999 _c7929
_d7929
003 OSt
005 20200604133604.0
008 200604b ||||| |||| 00| 0 eng d
020 _a9783938780473
082 _a721.3
_bBRA
100 _aBraun Sebastian Markus
245 _aArchitectural details. Pillars
260 _bVerlaghaus - Braun
_cApril 28, 2008
942 _2ddc